Luxembourg or Alsace? - Statistics

General Stats
  • This quiz has been taken 37 times
  • The average score is 10 of 15
Answer Stats
Question Answer % Correct
Colmar Alsace
100%
Westhoffen Alsace
93%
Colmar-Berg Luxembourg
93%
Dambach-la-Ville Alsace
87%
Esch-sur-Alzette Luxembourg
87%
Eschau Alsace
80%
Mondorf-les-Bains Luxembourg
73%
Consdorf Luxembourg
67%
Barembach Alsace
60%
Eschbach Alsace
53%
Heffingen Luxembourg
53%
Dalheim Luxembourg
53%
Heiteren Alsace
33%
Ranrupt Alsace
20%
Rouffach Luxembourg
0%
No matching quizzes found
Score Distribution
Percent of People with Each Score
Percentile by Number Answered
Your Score History
You have not taken this quiz